Prehistoria del arte occidental
Αποθηκεύτηκε σε:
| Κύριος συγγραφέας: | |
|---|---|
| Μορφή: | Βιβλίο |
| Γλώσσα: | Ισπανικά |
| Έκδοση: |
Barcelona
Gili
1968
|
| Σειρά: | El arte y las grandes civilizaciones
|
| Θέματα: | |
| Ετικέτες: |
Προσθήκη ετικέτας
Δεν υπάρχουν, Καταχωρήστε ετικέτα πρώτοι!
|
MARC
| LEADER | 00000nam a2200000 a 4500 | ||
|---|---|---|---|
| 001 | UCV9676 | ||
| 003 | CL-VaPUC | ||
| 008 | 930311e19680000SP |||||||||||||||||spa|d | ||
| 082 | 0 | 4 | |a 709.01 |b LER |2 21 |
| 100 | |a Leroi-Gourhan, André |e author |9 603168 | ||
| 245 | 1 | 0 | |a Prehistoria del arte occidental |
| 300 | |a 326 p | ||
| 942 | |c BK | ||
| 945 | |d 19930311 00:00:00 | ||
| 260 | |a Barcelona |b Gili |c 1968 | ||
| 650 | 0 | |a Arte primitivo |9 267985 | |
| 650 | 0 | |a Obras ilustradas |9 265022 | |
| 650 | 0 | |a Pintura rupestre |9 266892 | |
| 583 | |a last modification |c 19930311 00:00:00 |k Rodrigo Vera | ||
| 490 | 0 | |a El arte y las grandes civilizaciones | |
| 999 | |c 214978 |d 214976 | ||
| 952 | |0 0 |1 0 |4 0 |6 709_010000000000000_LER_1968 |7 0 |8 F |9 198852 |a BIBARQ |b BIBARQ |d 2019-11-14 |i 2662280 |l 1 |o 709.01 LER 1968 |p 2662280 |r 2025-05-06 |s 2025-05-06 |w 2019-11-14 |y BK_F |k ARQ | ||